| 000 | 00573nam a2200205Ia 4500 | ||
|---|---|---|---|
| 008 | 160418s9999 xx 000 0 und d | ||
| 020 | _a971-725-054-5 | ||
| 050 | _aFIL PN 6014 | ||
| 050 | _b.S29 2000 c.2 | ||
| 100 | _aSaymo, Apolinario S. | ||
| 245 | 4 | _aThe Literatures of the world / | |
| 245 | _cApolinario S. Saymo, Remedios M. Esperon, Eduardo M. Soliman. | ||
| 260 | _aMakati City: | ||
| 260 | _bGrandwater Pub., | ||
| 260 | _c2000 | ||
| 300 | _a319 pages : | ||
| 300 | _billustrations ; | ||
| 300 | _c22 cm. | ||
| 650 | _aLiterature -- Collected works. | ||
| 999 |
_c293532 _d293532 |
||